Cancioneiro geral / (Record no. 39489)
[ view plain ]
| 000 -LEADER | |
|---|---|
| campo de control de longitud fija | 00783nam a2200217 i 4500 |
| 001 - NÚMERO DE CONTROL | |
| campo de control | 39489 |
| 003 - IDENTIFICADOR DE NÚMERO DE CONTROL | |
| campo de control | ES-MaACL |
| 005 - FECHA Y HORA DE LA ÚLTIMA TRANSACCIÓN | |
| campo de control | 20240426103822.0 |
| 007 - CAMPO FIJO DE DESCRIPCIÓN FÍSICA--INFORMACIÓN GENERAL | |
| campo de control de longitud fija | t| |
| 008 - DATOS DE LONGITUD FIJA--INFORMACIÓN GENERAL | |
| campo de control de longitud fija | 030303s1902 po ||||1| por d |
| 245 00 - MENCIÓN DEL TÍTULO | |
| Título | Cancioneiro geral / |
| Mención de responsabilidad, etc. | continuaçao ao de Garcia de Resende ; compilado por Antonio Francisco Barata e avaliado pelo Theophilo Braga. |
| 260 ## - PUBLICACIÓN, DISTRIBUCIÓN, ETC. | |
| Lugar de publicación, distribución, etc. | Evora : |
| Nombre del editor, distribuidor, etc. | Empresa Typographica Elvorense, |
| Fecha de publicación, distribución, etc. | 1902. |
| 300 ## - DESCRIPCIÓN FÍSICA | |
| Extensión | XXV, 271 p. ; |
| Dimensiones | 23 cm. |
| 650 #4 - PUNTO DE ACCESO ADICIONAL DE MATERIA--TÉRMINO DE MATERIA | |
| Término de materia o nombre geográfico como elemento de entrada | Poesías líricas galaico-portuguesas. |
| 9 (RLIN) | 156096 |
| 650 #4 - PUNTO DE ACCESO ADICIONAL DE MATERIA--TÉRMINO DE MATERIA | |
| Término de materia o nombre geográfico como elemento de entrada | Poesías líricas españolas- |
| Subdivisión cronológica | Hasta S.XV. |
| 9 (RLIN) | 16234 |
| 700 1# - ENTRADA AGREGADA--NOMBRE PERSONAL | |
| Nombre de persona | Rezende, García de. |
| 9 (RLIN) | 96644 |
| 700 1# - ENTRADA AGREGADA--NOMBRE PERSONAL | |
| Nombre de persona | Barata, Antonio Francisco. |
| 9 (RLIN) | 25338 |
| 700 1# - ENTRADA AGREGADA--NOMBRE PERSONAL | |
| Nombre de persona | Braga, Teófilo, |
| Fechas asociadas al nombre | 1843-1924 |
| 9 (RLIN) | 31276 |
| 852 ## - LOCALIZACIÓN | |
| Ubicación | ES-MaACL |
| Número de control de estantería | G-7803 |
| Estatus retirado | Estado de pérdida | Estado de daño | No para préstamo | Biblioteca de origen | Biblioteca actual | Ubicación en estantería | Fecha de adquisición | Fuente de adquisición | Total de préstamos | Signatura topográfica completa | Código de barras | Visto por última vez | Precio de reemplazo | Tipo de ítem Koha |
|---|---|---|---|---|---|---|---|---|---|---|---|---|---|---|
| Biblioteca del Ateneo de Madrid | Biblioteca del Ateneo de Madrid | Sala Pecera Planta 3 | 17/01/2008 | G-7803 | 1041587 | 23/02/2023 | 23/02/2023 | Libro impreso |
